[Event "Allendale (MI Am/1/12)"]
[Site "?"]
[Date "1987.??.??"]
[Round "?"]
[White "Brown, Dan"]
[Black "Truitt, G.."]
[Result "1-0"]
[WhiteElo "1880"]
[BlackElo "1605"]
[PlyCount "135"]
[EventDate "1987.??.??"]

{1/(12)} 1. c4 Nf6 2. Nc3 g6 3. Nf3 d6 4. e4 Bg7 5. Be2 O-O 6. O-O c5 7. d3 Nc6
8. h3 Be6 9. Be3 Kh8 10. Qd2 Ng8 11. Ng5 Qd7 12. Nxe6 Qxe6 13. Bg4 f5 14. exf5
gxf5 15. Bf3 Qg6 16. Rae1 e5 17. Qd1 f4 18. Bc1 Nf6 19. Nd5 Rf7 20. Nxf6 Qxf6
21. Bd5 Rc7 22. Bd2 Ne7 23. Be4 Rg8 24. Kh2 Nf5 25. Qh5 Rf8 26. g4 Nh6 27. g5
Qe6 28. gxh6 Bxh6 29. Rg1 Rf6 30. Bd5 Qc8 31. Rg8+ Qxg8 32. Bxg8 Kxg8 33. Qe8+
Bf8 34. Rg1+ Rg7 35. Rxg7+ Kxg7 36. f3 Rf7 37. Be1 Be7 38. Qd7 Bf8 39. Qg4+ Kh8
40. Bh4 a6 41. Qe6 Kg8 42. Bd8 h6 43. Bc7 Be7 44. Bxd6 Bg5 45. Qxe5 Bf6 46.
Qe8+ Kg7 47. Be5 Bxe5 48. Qxe5+ Kg6 49. Qxc5 Rg7 50. Qd6+ Kf5 51. d4 Rg3 52.
Qe5+ Kg6 53. Qxf4 Rg5 54. Qxg5+ hxg5 55. Kg3 Kf5 56. d5 b6 57. b4 Kf6 58. c5
bxc5 59. bxc5 a5 60. c6 a4 61. c7 a3 62. c8=Q Ke5 63. Qe6+ Kd4 64. d6 Kc3 65.
d7 Kb2 66. d8=Q g4 67. Qb3+ Kc1 68. Qdd1# 1-0

[Event "Allendale (MI Am/3/9)"]
[Site "?"]
[Date "1987.??.??"]
[Round "?"]
[White "Brown, Dan"]
[Black "Pointer, Gilbert"]
[Result "1-0"]
[WhiteElo "1880"]
[BlackElo "1605"]
[PlyCount "88"]
[EventDate "1987.??.??"]

{3/(9)} 1. c4 d6 2. Nc3 Nf6 3. e4 g6 4. Be2 Bg7 5. d3 O-O 6. f4 e6 7. Nf3 Ng4
8. O-O c6 9. h3 Nh6 10. g4 f5 11. g5 Nf7 12. h4 e5 13. Be3 exf4 14. Bxf4 Qb6+
15. d4 Qxb2 16. Na4 Qb4 17. Bd2 Qa3 18. Rb1 fxe4 19. Bb4 Qe3+ 20. Kg2 exf3+ 21.
Rxf3 Qe4 22. Bd3 Qxh4 23. Qf1 Nxg5 24. Rxf8+ Bxf8 25. Qe2 Bh3+ 26. Kg1 Qg3+ 27.
Kh1 Qf3+ 28. Kh2 Qxe2+ 29. Bxe2 Nd7 30. Bd2 Bf5 31. Rxb7 Ne4 32. Be3 Re8 33.
Bf3 Nef6 34. Bg1 d5 35. cxd5 cxd5 36. Rxa7 Ng4+ 37. Kg2 Ndf6 38. Nc3 Be6 39. a4
Bf7 40. a5 Be6 41. a6 Bf7 42. Rb7 Ne3+ 43. Bxe3 Rxe3 44. a7 Re8 1-0

[Event "Allendale (MI Am/5/2)"]
[Site "?"]
[Date "1987.??.??"]
[Round "?"]
[White "Brown, Dan"]
[Black "Dangremond, Leonard"]
[Result "0-1"]
[WhiteElo "1880"]
[BlackElo "1995"]
[PlyCount "80"]
[EventDate "1987.??.??"]

{5/(2)} 1. c4 Nf6 2. Nc3 g6 3. e4 d6 4. Be2 c5 5. Nf3 Nc6 6. h3 Bg7 7. O-O O-O
8. d3 Nd4 9. Nxd4 cxd4 10. Nb1 e5 11. f4 a5 12. a4 Nd7 13. Na3 Nc5 14. Nb5 f5
15. exf5 Rxf5 16. g4 Rf7 17. Qe1 Nb3 18. Rb1 Nxc1 19. Qxc1 Rxf4 20. Rxf4 Bh6
21. Qf1 Bxf4 22. Bf3 Qe7 23. Bd5+ Kg7 24. Qg2 Rb8 25. Rf1 Be6 26. Be4 Rf8 27.
Kh1 b6 28. b3 g5 29. Ba8 Bc8 30. Bd5 Rf6 31. Qf3 Rh6 32. Kg2 Rh4 33. Rh1 Qf6
34. Qf1 h5 35. gxh5 Rxh3 36. Rxh3 Bxh3+ 37. Kxh3 Qf5+ 38. Kg2 Qg4+ 39. Kf2 Qg3+
40. Ke2 Qe3+ 0-1

[Event "Allendale (MI Am/5/9)"]
[Site "?"]
[Date "1987.??.??"]
[Round "?"]
[White "Brizell, R.."]
[Black "Anderson, R.."]
[Result "0-1"]
[WhiteElo "1605"]
[BlackElo "1780"]
[PlyCount "90"]
[EventDate "1987.??.??"]

{5/(9)} 1. e4 e5 2. Nf3 Nc6 3. Be2 Nf6 4. Nc3 d5 5. exd5 Nxd5 6. O-O Nxc3 7.
bxc3 Bd6 8. d3 O-O 9. Rb1 b6 10. Ng5 h6 11. Ne4 Be7 12. Re1 Be6 13. a3 Qd7 14.
Qd2 f5 15. Bf3 fxe4 16. Bxe4 Rae8 17. Bxc6 Qxc6 18. Rxe5 Bf6 19. Re3 Bxc3 20.
Qd1 Ba2 21. Rxe8 Rxe8 22. Be3 Bxb1 23. Qxb1 Qd5 24. h3 Bd4 25. Bxd4 Qxd4 26.
Kf1 Qe5 27. g3 Qe2+ 28. Kg2 Rf8 29. Qf1 Qxf1+ 30. Kxf1 Re8 31. h4 h5 32. c4 Kf7
33. a4 Re5 34. f3 Ra5 35. g4 hxg4 36. fxg4 Rxa4 37. Ke2 Ra1 38. Kf3 a5 39. Kf4
a4 40. Kf5 a3 41. g5 Rf1+ 42. Kg4 a2 43. Kh5 g6+ 44. Kh6 a1=Q 45. d4 Qxd4 0-1

[Event "Allendale (MI Am/3/19)"]
[Site "?"]
[Date "1987.??.??"]
[Round "?"]
[White "Brizel, R.."]
[Black "Gemmell, J.."]
[Result "1-0"]
[WhiteElo "1605"]
[BlackElo "1605"]
[PlyCount "103"]
[EventDate "1987.??.??"]

{3/(19)} 1. Nc3 e6 2. e4 Bb4 3. a3 Bxc3 4. dxc3 Qh4 5. Qe2 Nf6 6. Nf3 Qh5 7. g3
O-O 8. Bg2 Ng4 9. b3 Nc6 10. Bb2 f5 11. O-O-O a5 12. h3 Nf6 13. exf5 Qxf5 14.
g4 Nxg4 15. hxg4 Qxg4 16. Bh3 Qf4+ 17. Kb1 b6 18. Nd4 Ba6 19. c4 e5 20. Nxc6
Rae8 21. Bxd7 Bb7 22. Rhe1 Rd8 23. Be6+ Kh8 24. Rxd8 Bxc6 25. Rxf8+ Qxf8 26.
Bd5 Bxd5 27. cxd5 Qf5 28. Bxe5 h5 29. Bxc7 h4 30. Qe8+ Kh7 31. Be5 Qxf2 32.
Qh5+ Kg8 33. Rh1 g5 34. Qxg5+ Kf8 35. Qf6+ Qxf6 36. Bxf6 Kf7 37. d6 Kxf6 38.
Rxh4 Ke6 39. Rh6+ Kd7 40. Kc1 b5 41. a4 Kc6 42. d7+ Kxd7 43. axb5 a4 44. bxa4
Kc7 45. c4 Kb7 46. c5 Ka7 47. a5 Kb7 48. a6+ Ka7 49. Rh7+ Kb8 50. b6 Kc8 51. a7
Kd8 52. a8=Q# 1-0

[Event "Allendale (MI Am/1/10)"]
[Site "?"]
[Date "1987.??.??"]
[Round "?"]
[White "Brizel, R.."]
[Black "Boes, Jeff"]
[Result "0-1"]
[WhiteElo "1605"]
[BlackElo "1880"]
[PlyCount "60"]
[EventDate "1987.??.??"]

{1/(10)} 1. Nf3 Nf6 2. d3 d5 3. Bg5 e6 4. Bxf6 Qxf6 5. d4 c5 6. c3 Nc6 7. e3
Bd6 8. g3 Bd7 9. Bg2 c4 10. O-O O-O-O 11. a3 h5 12. Nh4 g5 13. Qf3 Qg7 14. e4
gxh4 15. exd5 hxg3 16. fxg3 exd5 17. Nd2 Be6 18. Qf6 Qg8 19. b4 h4 20. gxh4 Be7
21. Qf2 Bxh4 22. Qe2 Re8 23. b5 Bg4 24. Qxe8+ Qxe8 25. bxc6 Qe3+ 26. Kh1 Bg3
27. cxb7+ Kb8 28. Bh3 Rxh3 29. Rf2 Qxf2 30. Nf3 Bxf3# 0-1

[Event "Hazel Park (MCO/5/40)"]
[Site "?"]
[Date "1987.??.??"]
[Round "?"]
[White "Brewer, R.."]
[Black "Morrow, Chris"]
[Result "1/2-1/2"]
[WhiteElo "1605"]
[BlackElo "1685"]
[PlyCount "120"]
[EventDate "1987.??.??"]

{5/(40)} 1. e4 e5 2. Nc3 Nf6 3. Bc4 Bc5 4. Nf3 d6 5. O-O O-O 6. Na4 Nxe4 7.
Nxc5 Nxc5 8. d3 h6 9. Be3 Ncd7 10. a3 Nf6 11. h3 Re8 12. Kh1 Be6 13. b3 Bxc4
14. bxc4 Nc6 15. Rb1 b6 16. g4 Qd7 17. Rg1 Kf8 18. c3 e4 19. Nh4 exd3 20. Qxd3
Qe6 21. Qf1 Qe4+ 22. Kh2 Ne5 23. c5 g5 24. Nf5 Nexg4+ 25. Rxg4 Nxg4+ 26. hxg4
Qxg4 27. Nxh6 Qh4+ 28. Qh3 Qxh3+ 29. Kxh3 f6 30. cxd6 cxd6 31. Kg4 d5 32. Kf5
Kg7 33. Ng4 Rf8 34. Rb4 Rac8 35. Bd4 Rc6 36. Nxf6 Kh6 37. Rb1 Kg7 38. Kxg5
Rcxf6 39. Bxf6+ Rxf6 40. f4 Rg6+ 41. Kf5 Rc6 42. Rc1 d4 43. c4 d3 44. Rd1 Rxc4
45. Rxd3 Rc7 46. Ke6 b5 47. f5 Rc6+ 48. Rd6 Rxd6+ 49. Kxd6 Kf6 50. Kc5 Kxf5 51.
Kxb5 Ke6 52. Ka6 Kd7 53. Kb7 a5 54. a4 Kd6 55. Kb6 Kd7 56. Kxa5 Kc7 57. Ka6 Kb8
58. Kb6 Ka8 59. a5 Kb8 60. a6 Ka8 1/2-1/2

[Event "Hazel Park (MCO/3/48)"]
[Site "?"]
[Date "1987.??.??"]
[Round "?"]
[White "Brewer, R.."]
[Black "Dautremont, J.."]
[Result "0-1"]
[WhiteElo "1605"]
[BlackElo "1605"]
[PlyCount "62"]
[EventDate "1987.??.??"]

{3/(48)} 1. e4 e5 2. Nc3 d6 3. Bc4 Nd7 4. d3 Ne7 5. f4 f6 6. f5 g6 7. Qf3 Bg7
8. Nge2 Nf8 9. Ng3 Kd7 10. Be3 c6 11. Nge2 Kc7 12. g4 Bd7 13. O-O-O b5 14. Bb3
a5 15. Qf2 Kb7 16. a3 b4 17. Na4 c5 18. Nxc5+ dxc5 19. Bxc5 bxa3 20. Bxa3 Nc8
21. Nc3 Bc6 22. Na4 Nd7 23. Kb1 Bf8 24. Ka2 Bxa4 25. Bxa4 Ncb6 26. Bb3 Bxa3 27.
bxa3 g5 28. d4 Qc7 29. d5 Qd6 30. h4 a4 31. Qe2 axb3+ 0-1

[Event "Hazel Park (MCO/1/33)"]
[Site "?"]
[Date "1987.??.??"]
[Round "?"]
[White "Brewer, R.."]
[Black "Brady, Lindell"]
[Result "0-1"]
[WhiteElo "1605"]
[BlackElo "1875"]
[PlyCount "96"]
[EventDate "1987.??.??"]

{1/(33)} 1. e4 e5 2. Nc3 Nf6 3. Bc4 Be7 4. d3 Nc6 5. Nge2 Na5 6. Bb3 Nxb3 7.
axb3 O-O 8. O-O d5 9. Ng3 d4 10. Nce2 a6 11. f4 exf4 12. Bxf4 Bg4 13. h3 Be6
14. Qe1 c5 15. Nf5 Bxf5 16. exf5 Nd5 17. c3 Re8 18. Qg3 Nxf4 19. Nxf4 Bd6 20.
Qg4 Bxf4 21. Rxf4 dxc3 22. f6 g6 23. bxc3 Re6 24. Qh4 Qd6 25. Raf1 Rae8 26. Qg5
Qf8 27. h4 Re5 28. Qg3 Qh6 29. Re4 Rxe4 30. dxe4 Qh5 31. Rf5 Qe2 32. e5 Kh8 33.
h5 Rg8 34. Rg5 Qe4 35. hxg6 fxg6 36. Rg4 Qb1+ 37. Kh2 Qxb3 38. e6 Qxe6 39. Rf4
Rf8 40. Qf3 Qd6 41. Kg3 Qe5 42. f7 g5 43. Kg4 Qxf4+ 44. Qxf4 gxf4 45. Kxf4
Rxf7+ 46. Ke5 Rd7 47. g4 a5 48. g5 a4 0-1

[Event "Allendale (MI Am/4/2)"]
[Site "?"]
[Date "1987.??.??"]
[Round "?"]
[White "Brattin, Vincent"]
[Black "Smith, Les L"]
[Result "1/2-1/2"]
[WhiteElo "1900"]
[BlackElo "1995"]
[PlyCount "56"]
[EventDate "1987.??.??"]

{4/(2)} 1. e4 c5 2. g3 Nc6 3. Bg2 e6 4. Nc3 a6 5. Nge2 b5 6. d4 cxd4 7. Nxd4
Qb6 8. Nxc6 dxc6 9. Be3 Bc5 10. Bxc5 Qxc5 11. Qg4 g6 12. Qe2 e5 13. O-O-O Be6
14. f4 a5 15. f5 Bc4 16. Qd2 Qe7 17. b3 b4 18. bxc4 bxc3 19. Qxc3 Nf6 20. c5
O-O 21. Rd6 Rfb8 22. Rxc6 Rb4 23. fxg6 hxg6 24. Rf1 Nxe4 25. Bxe4 Qg5+ 26. Kd1
Rxe4 27. Rd6 Rb8 28. Rb6 Rd8+ 1/2-1/2

[Event "Allendale (MI Am/2/5)"]
[Site "?"]
[Date "1987.??.??"]
[Round "?"]
[White "Brattin, Vincent"]
[Black "Anderson, R.."]
[Result "1/2-1/2"]
[WhiteElo "1900"]
[BlackElo "1780"]
[PlyCount "108"]
[EventDate "1987.??.??"]

{2/(5)} 1. e4 e5 2. Nf3 Nc6 3. Bb5 a6 4. Bxc6 dxc6 5. d4 exd4 6. Qxd4 Qxd4 7.
Nxd4 Bc5 8. Nb3 Bb6 9. Bf4 Nf6 10. N1d2 O-O 11. O-O-O Bxf2 12. Bxc7 Bg4 13.
Rdf1 Be3 14. Bf4 Bxf4 15. Rxf4 Rfe8 16. Re1 Bh5 17. g4 Nxg4 18. Rg1 Ne5 19. Nd4
Bg6 20. h4 Rad8 21. Nf5 Bxf5 22. Rxf5 Rd4 23. Rfg5 g6 24. h5 Rxd2 25. hxg6 hxg6
26. Kxd2 Nf3+ 27. Ke3 Nxg1 28. Rxg1 c5 29. Kf4 Kg7 30. Rd1 Rh8 31. Rd7 Rh2 32.
Rxb7 Rxc2 33. e5 Rf2+ 34. Ke3 Rf5 35. Ke4 Kf8 36. Rb6 a5 37. Rc6 Rf2 38. Rxc5
Rxb2 39. Rxa5 Rb4+ 40. Kf3 g5 41. a4 Ke7 42. Ra6 Rf4+ 43. Ke3 Rf5 44. Ke4 Rf4+
45. Kd5 g4 46. Ra7+ Kf8 47. e6 fxe6+ 48. Kxe6 g3 49. Ra5 Rg4 50. Rf5+ Kg7 51.
Rf1 g2 52. Rg1 Kg6 53. a5 Kh5 54. a6 Rg6+ 1/2-1/2

[Event "Hazel Park (MCO/4/21)"]
[Site "?"]
[Date "1987.??.??"]
[Round "?"]
[White "Brady, Lindell"]
[Black "Ridella, Dennis"]
[Result "1/2-1/2"]
[WhiteElo "1875"]
[BlackElo "1605"]
[PlyCount "62"]
[EventDate "1987.??.??"]

{4/(21)} 1. e4 e5 2. Nf3 Nc6 3. Bb5 a6 4. Ba4 Bc5 5. O-O Nf6 6. Bxc6 dxc6 7. d3
Ng4 8. h3 Nxf2 9. Rxf2 O-O 10. Qe2 Bxf2+ 11. Qxf2 Qd6 12. Qg3 f5 13. Qxe5 fxe4
14. Qxd6 cxd6 15. Nh2 exd3 16. cxd3 Bf5 17. Bf4 d5 18. Bd6 Rfd8 19. Bg3 Bxd3
20. Nd2 Re8 21. Nhf3 c5 22. Ne5 Bf5 23. Rc1 c4 24. Ndf3 b5 25. Nd4 Be4 26. a3
Rab8 27. Nef3 Rb7 28. Ne5 b4 29. a4 a5 30. Nb5 Re6 31. Nd4 Re8 1/2-1/2

[Event "Hazel Park (MCO/2/6)"]
[Site "?"]
[Date "1987.??.??"]
[Round "?"]
[White "Brady, Lindell"]
[Black "Cunningham, R.."]
[Result "0-1"]
[WhiteElo "1875"]
[BlackElo "2190"]
[PlyCount "98"]
[EventDate "1987.??.??"]

{2/(6)} 1. e4 Nf6 2. e5 Nd5 3. d4 d6 4. Bc4 Nb6 5. Bb3 Bf5 6. Nf3 e6 7. O-O Nc6
8. c3 Be7 9. Bc2 Bg4 10. Bf4 dxe5 11. dxe5 Qxd1 12. Bxd1 Nc4 13. b3 Nb6 14. Nd4
Nxd4 15. cxd4 Bxd1 16. Rxd1 O-O-O 17. Nc3 Nd5 18. Nxd5 Rxd5 19. Be3 Rhd8 20.
Rdc1 Ba3 21. Rc2 Kb8 22. Kf1 a6 23. Rb1 Be7 24. b4 c6 25. a4 Rc8 26. Rcb2 Kc7
27. Ke2 Rcd8 28. Rc1 a5 29. b5 Ba3 30. Rbc2 Bxc1 31. Rxc1 Rxd4 32. Bxd4 Rxd4
33. bxc6 bxc6 34. Ke3 Rxa4 35. Rc2 Rb4 36. f4 a4 37. g3 a3 38. Ra2 Ra4 39. Kd3
Kb6 40. Kc3 Kb5 41. Kb3 c5 42. Kc3 c4 43. Kc2 Kb4 44. Kb1 Ra5 45. Re2 a2+ 46.
Ka1 c3 47. Rc2 Rd5 48. Kxa2 Rd2 49. Kb1 Kb3 0-1

[Event "Lansing (MI Op/2/17)"]
[Site "?"]
[Date "1987.??.??"]
[Round "?"]
[White "Braak, Dairen"]
[Black "Wilson, Vester"]
[Result "0-1"]
[WhiteElo "1880"]
[BlackElo "2065"]
[PlyCount "113"]
[EventDate "1987.??.??"]

{2/(17)} 1. e4 e5 2. Nf3 Nc6 3. Bb5 a6 4. Ba4 Nf6 5. O-O Be7 6. Re1 b5 7. Bb3
O-O 8. a4 b4 9. c3 a5 10. d4 d6 11. d5 Nb8 12. cxb4 axb4 13. Bd2 Na6 14. Bc4
Rb8 15. Bxa6 Bxa6 16. Qb3 Qc8 17. Bg5 h6 18. Bh4 Qd8 19. Bg3 g5 20. h3 Nh5 21.
Bh2 Nf4 22. Bxf4 gxf4 23. Nbd2 Kh7 24. Rec1 Rg8 25. Kh2 Qd7 26. Qc2 Bd8 27. Nb3
Rg6 28. Na5 Bc8 29. Ng1 Qe7 30. g3 Qg5 31. Qd3 f5 32. Nc6 fxg3+ 33. Qxg3 Qd2
34. Qf3 Bg5 35. Na7 Bd7 36. Rxc7 Rg7 37. Ne2 f4 38. b3 Rbg8 39. Rac1 Qa2 40.
R7c2 Qa3 41. Nc6 Ra8 42. Rb1 Rxa4 43. Nc1 Bh4 44. Ra2 Qxa2 45. Nxa2 Rxa2 46.
Rf1 Rg3 47. Qd1 Bxh3 48. Nxb4 Bg4 49. Nxa2 Bxd1 50. fxg3 Bxg3+ 51. Kh3 Bxb3 52.
Nc3 Bc4 53. Rc1 h5 54. Nb1 Be2 55. Nd2 Bg4+ 56. Kg2 h4 57. Nc4 0-1

[Event "Lansing (MI Op/4/13)"]
[Site "?"]
[Date "1987.??.??"]
[Round "?"]
[White "Braak, Dairen"]
[Black "Knecht, Mark"]
[Result "0-1"]
[WhiteElo "1880"]
[BlackElo "2135"]
[PlyCount "110"]
[EventDate "1987.??.??"]

{4/(13)} 1. e4 c5 2. Nf3 e6 3. d4 cxd4 4. Nxd4 Nf6 5. Bd3 Nc6 6. c3 e5 7. Nc2
d5 8. exd5 Nxd5 9. O-O Bc5 10. Qe2 O-O 11. Rd1 Qh4 12. Bxh7+ Kxh7 13. Rxd5 Bg4
14. Qd3+ e4 15. Qg3 Qxg3 16. hxg3 Rad8 17. Rxd8 Rxd8 18. Be3 Rd1+ 19. Kh2 Bd6
20. Nd2 Rxa1 21. Nxa1 Bf5 22. Nab3 b6 23. Bf4 Ne5 24. Kg1 f6 25. Nd4 Bg6 26.
Nc6 Nxc6 27. Bxd6 f5 28. b4 b5 29. a4 bxa4 30. b5 Nd8 31. Bb8 a3 32. Bxa7 a2
33. Nb3 Bf7 34. Na1 Bc4 35. b6 Nb7 36. Bb8 Kg6 37. Bf4 Kf6 38. Bc1 Ke5 39. Bb2
Kd5 40. Nc2 Kc5 41. Ne3 g6 42. f3 Bd3 43. Kf2 Na5 44. Nf1 Bxf1 45. Kxf1 Kxb6
46. g4 exf3 47. gxf3 fxg4 48. fxg4 Nc4 49. Ba1 Ne3+ 50. Ke2 Nxg4 51. Kd3 Kc5
52. Kc2 Ne3+ 53. Kb2 Nc4+ 54. Kc2 g5 55. Kd3 Kb5 0-1

[Event "Lansing (MI Op/6/23)"]
[Site "?"]
[Date "1987.??.??"]
[Round "?"]
[White "Braak, Dairen"]
[Black "Bailey, Greg"]
[Result "0-1"]
[WhiteElo "1880"]
[BlackElo "2010"]
[PlyCount "48"]
[EventDate "1987.??.??"]

{6/(23)} 1. e4 e6 2. d4 d5 3. Nd2 Nf6 4. e5 Ng8 5. Ngf3 c5 6. Bb5+ Nc6 7. O-O
Bd7 8. Bxc6 bxc6 9. dxc5 Bxc5 10. Nb3 Bb6 11. c4 Ne7 12. c5 Bc7 13. Bg5 O-O 14.
Qd4 h6 15. Qh4 Re8 16. Nbd4 hxg5 17. Nxg5 Ng6 18. Qh7+ Kf8 19. f4 Bxe5 20.
Ngxe6+ Bxe6 21. fxe5 Qg5 22. Nxc6 Rec8 23. Nd4 Qe3+ 24. Rf2 Qxd4 0-1

[Event "Lansing (MI Op/6/34)"]
[Site "?"]
[Date "1987.??.??"]
[Round "?"]
[White "Bolda, M.."]
[Black "Welch, Joseph"]
[Result "1/2-1/2"]
[WhiteElo "1840"]
[BlackElo "1605"]
[PlyCount "75"]
[EventDate "1987.??.??"]

{6/(34)} 1. d4 Nf6 2. c4 e6 3. Nc3 Bb4 4. a3 Bxc3+ 5. bxc3 h6 6. Bd2 Nc6 7. Nf3
O-O 8. Qc1 Ne7 9. Bxh6 gxh6 10. Qxh6 Nf5 11. Qg5+ Kh8 12. Ne5 d6 13. Rd1 Qe7
14. Rd3 dxe5 15. Rh3+ Nh7 16. Qh5 f6 17. dxe5 fxe5 18. g4 Qg7 19. gxf5 e4 20.
Rg1 Qe7 21. f6 Rxf6 22. Rhg3 Bd7 23. Rg7 Qxg7 24. Rxg7 Kxg7 25. Qg4+ Kh8 26.
Qxe4 Bc6 27. Qe5 Raf8 28. Bh3 Bd7 29. Qxc7 Ng5 30. Bg4 Bc6 31. Qe5 Nh7 32. f4
Re8 33. Bh5 Rd8 34. Bg6 Rdf8 35. Qh5 Rxg6 36. Qxg6 Rxf4 37. Qxe6 Rf8 38. e4
1/2-1/2

[Event "Lansing (MI Op/3/32)"]
[Site "?"]
[Date "1987.??.??"]
[Round "?"]
[White "Bolda, M.."]
[Black "Turner, Darrell"]
[Result "1/2-1/2"]
[WhiteElo "1840"]
[BlackElo "1905"]
[PlyCount "144"]
[EventDate "1987.??.??"]

{3/(32)} 1. c4 c5 2. Nc3 Nc6 3. g3 g6 4. Bg2 Bg7 5. e3 e6 6. Nge2 Nge7 7. O-O
O-O 8. d4 cxd4 9. exd4 d5 10. cxd5 exd5 11. Bg5 h6 12. Bf4 g5 13. Be3 Be6 14.
Rc1 Nf5 15. Qb3 Na5 16. Qb5 a6 17. Qd3 Nc4 18. b3 Ncxe3 19. fxe3 Ne7 20. Kh1
Qd7 21. Na4 Bf5 22. e4 Bxe4 23. Bxe4 dxe4 24. Qxe4 Qd5 25. Qxd5 Nxd5 26. Nac3
Nxc3 27. Rxc3 Rfe8 28. Rc2 Rad8 29. Rd1 Rd5 30. Rcd2 Red8 31. Kg2 f5 32. Kf3 h5
33. Kg2 R8d7 34. Kf2 h4 35. Kg2 hxg3 36. hxg3 Bf6 37. Kf2 Rc7 38. Kg2 Kg7 39.
Kf2 Be7 40. Rc1 Rxc1 41. Nxc1 Kf6 42. Ne2 Bd8 43. Kg2 Bb6 44. Kf1 Kg6 45. Kg2
Rd8 46. a3 Kf6 47. Kf1 Ke6 48. Kg2 Rf8 49. Kf3 Kd6 50. Rd3 Re8 51. Rd2 Re4 52.
Rd3 Ba5 53. b4 Bb6 54. Rd2 Re7 55. Rd3 Rc7 56. Ke3 Rc2 57. Rc3 Rxc3+ 58. Nxc3
Bc7 59. Kf2 Bb6 60. Ke3 f4+ 61. gxf4 gxf4+ 62. Kxf4 Bxd4 63. Nb1 Kd5 64. Kf3
Kc4 65. Ke2 Kb3 66. Kd3 Bg7 67. Kd2 Kb2 68. Kd3 Kxb1 69. Kc4 Kb2 70. a4 Ka3 71.
b5 Kxa4 72. b6 Ka5 1/2-1/2

[Event "Lansing (MI Op/7/32)"]
[Site "?"]
[Date "1987.??.??"]
[Round "?"]
[White "Bolda, M.."]
[Black "Thurman, John"]
[Result "1-0"]
[WhiteElo "1840"]
[BlackElo "1795"]
[PlyCount "35"]
[EventDate "1987.??.??"]

{7/(32)} 1. d4 d5 2. e4 dxe4 3. Nc3 Nf6 4. f3 exf3 5. Nxf3 e6 6. Bf4 Bb4 7. a3
Bxc3+ 8. bxc3 O-O 9. Bd3 a6 10. Qd2 Nbd7 11. h4 Re8 12. h5 Ng4 13. h6 e5 14.
dxe5 Ndxe5 15. Bxe5 Nxe5 16. Bxh7+ Kxh7 17. hxg7+ Qh4+ 18. Rxh4+ 1-0

[Event "Lansing (MI Op/1b/8)"]
[Site "?"]
[Date "1987.??.??"]
[Round "?"]
[White "Bolda, M.."]
[Black "Kulbacki, James"]
[Result "0-1"]
[WhiteElo "1840"]
[BlackElo "2125"]
[PlyCount "46"]
[EventDate "1987.??.??"]

1. c4 Nf6 2. d4 e6 3. Nc3 Bb4 4. Bd2 O-O 5. g3 d5 6. cxd5 exd5 7. a3 Bd6 8. Bg2
c6 9. Nf3 Nbd7 10. O-O Re8 11. Re1 Nf8 12. Qc2 Bg4 13. Rac1 Qd7 14. Bg5 Bf5 15.
Qd1 Ne4 16. Nxe4 Bxe4 17. Nh4 h6 18. Bxe4 Rxe4 19. Be3 Rxh4 20. gxh4 Qg4+ 21.
Kf1 Qh3+ 22. Kg1 Bxh2+ 23. Kh1 Bg3+ 0-1

[Event "Hazel Park (MCO/1/34)"]
[Site "?"]
[Date "1987.??.??"]
[Round "?"]
[White "Bolda, M.."]
[Black "June, Brian"]
[Result "1-0"]
[WhiteElo "1850"]
[BlackElo "1605"]
[PlyCount "120"]
[EventDate "1987.??.??"]

{1/(34)} 1. d4 Nf6 2. e3 e6 3. Bd3 b6 4. f4 c5 5. c3 Be7 6. Nf3 Ba6 7. O-O Bxd3
8. Qxd3 Nc6 9. Nbd2 Qc7 10. Nc4 d5 11. Nce5 Ne4 12. Nxc6 Qxc6 13. Ne5 Qa4 14.
b3 Qa5 15. Bb2 a6 16. c4 Qd2 17. Qxd2 Nxd2 18. Rfd1 Ne4 19. Nc6 Bf6 20. cxd5
exd5 21. Rac1 Rc8 22. Nb4 Rd8 23. Nxa6 O-O 24. a4 Rd7 25. b4 Ra8 26. b5 Re8 27.
Ba1 c4 28. Bb2 Be7 29. Ra1 c3 30. Ba3 Rc8 31. Bxe7 Rxe7 32. Nb4 Nf6 33. Re1 Rc4
34. Nc6 Re8 35. a5 bxa5 36. Nxa5 Rb4 37. Rab1 Rxb1 38. Rxb1 Rxe3 39. b6 c2 40.
Rc1 Rc3 41. b7 Nd7 42. Kf2 Kf8 43. Ke2 Ke8 44. Kd2 Rc7 45. Rxc2 Rxc2+ 46. Kxc2
Kd8 47. Kc3 Kc7 48. Kb4 Kb6 49. g4 h6 50. h3 g6 51. h4 Nb8 52. f5 Nd7 53. Nb3
Kxb7 54. Nc5+ Nxc5 55. Kxc5 Kc7 56. fxg6 fxg6 57. Kxd5 Kd7 58. g5 h5 59. Ke5
Ke7 60. d5 Kd7 1-0

[Event "Hazel Park (MCO/3/25)"]
[Site "?"]
[Date "1987.??.??"]
[Round "?"]
[White "Bolda, M.."]
[Black "Falkowski, Kenneth"]
[Result "0-1"]
[WhiteElo "1850"]
[BlackElo "2280"]
[PlyCount "90"]
[EventDate "1987.??.??"]

{3/(25)} 1. c4 Nf6 2. Nc3 g6 3. g3 Bg7 4. e3 d5 5. cxd5 Nxd5 6. Nge2 Bg4 7.
Qa4+ Bd7 8. Qb3 Nxc3 9. bxc3 Bc6 10. Rg1 Nd7 11. Ba3 Ne5 12. Nd4 Nf3+ 13. Nxf3
Bxf3 14. Bb5+ c6 15. Bc4 O-O 16. Qxb7 Re8 17. Bc5 Rb8 18. Qxa7 Rb2 19. d4 Qc8
20. Qa3 Rb8 21. Kd2 Qh3 22. Be2 Be4 23. f3 Bd5 24. Rh1 Ra8 25. Qb2 Qg2 26. Rhg1
Qxh2 27. Kd3 Bxf3 28. Rab1 Bxe2+ 29. Qxe2 Qxe2+ 30. Kxe2 Rxa2+ 31. Kd3 e6 32.
Rb6 Rc8 33. Rgb1 Raa8 34. Rb7 Bf8 35. Bxf8 Rxf8 36. Re7 Ra2 37. Rbb7 Rg2 38.
Rbc7 Rxg3 39. Rxc6 h5 40. Rb6 h4 41. c4 Kg7 42. Rbxe6 h3 43. Re4 g5 44. Rb7 h2
45. Rb1 Rg1 0-1

[Event "Hazel Park (MCO/2/2)"]
[Site "?"]
[Date "1987.??.??"]
[Round "?"]
[White "Bolda, Dan H"]
[Black "Lindsay, F.."]
[Result "0-1"]
[WhiteElo "1910"]
[BlackElo "2425"]
[PlyCount "110"]
[EventDate "1987.??.??"]

{2/(2)} 1. Nf3 d5 2. g3 Nf6 3. Bg2 c5 4. d3 Nc6 5. O-O Bg4 6. h3 Bh5 7. Bf4 e6
8. Nc3 Be7 9. e4 d4 10. Ne2 Nd7 11. g4 Bg6 12. Bg3 e5 13. Nd2 O-O 14. f4 exf4
15. Nxf4 Nde5 16. Nf3 Nxf3+ 17. Bxf3 Bd6 18. Qd2 Be5 19. Bh1 Qd6 20. Qh2 Rfe8
21. Rf3 Rac8 22. Raf1 Rc7 23. Nd5 Rd7 24. h4 h5 25. gxh5 Bxh5 26. Bxe5 Rxe5 27.
Rg3 Kh8 28. Qg2 Qh6 29. Qh3 Rd8 30. Nf4 Rd6 31. Nxh5 Rxh5 32. Rxf7 Rxh4 33.
Rf8+ Kh7 34. Qf5+ Rg6 35. Qxg6+ Qxg6 36. Rxg6 Kxg6 37. Rf5 b6 38. Rd5 Nb4 39.
Rd7 Nxc2 40. e5 Kf5 41. Rxg7 Kxe5 42. a3 c4 43. Re7+ Kd6 44. Re4 Rxe4 45. Bxe4
Nxa3 46. Kf2 c3 47. bxc3 dxc3 48. Ke2 Ke5 49. Bc6 Kd4 50. Be4 b5 51. Bc6 a6 52.
Bd7 b4 53. Ba4 Nb1 54. Kd1 Nd2 55. Kc2 a5 0-1

[Event "Hazel Park (MCO/4/32)"]
[Site "?"]
[Date "1987.??.??"]
[Round "?"]
[White "Bolda, Dan H"]
[Black "Keeley, G.."]
[Result "1-0"]
[WhiteElo "1910"]
[BlackElo "1605"]
[PlyCount "63"]
[EventDate "1987.??.??"]

{4/(32)} 1. Nf3 Nc6 2. g3 Nf6 3. Bg2 d5 4. d3 Bf5 5. O-O e6 6. b3 Qd7 7. Bb2
O-O-O 8. Nbd2 Kb8 9. c4 h6 10. Rc1 Bd6 11. Re1 e5 12. cxd5 Nxd5 13. e4 Bg4 14.
exd5 Nd4 15. Bxd4 exd4 16. Ne4 Be7 17. Qc2 f5 18. Ne5 Qxd5 19. Qxc7+ Ka8 20.
Nc5 Rc8 21. Qxe7 Rhe8 22. Qxb7+ Qxb7 23. Bxb7+ Kb8 24. Bxc8 Rxc8 25. Ncd7+ Kb7
26. Rxc8 Kxc8 27. Nxg4 fxg4 28. Re7 g5 29. Nf6 Kd8 30. Rxa7 Kc8 31. Nxg4 Kb8
32. Rh7 1-0

[Event "Hazel Park (MCO/6/30)"]
[Site "?"]
[Date "1987.??.??"]
[Round "?"]
[White "Bolda, Dan H"]
[Black "Griffin, John"]
[Result "0-1"]
[WhiteElo "1910"]
[BlackElo "1620"]
[PlyCount "117"]
[EventDate "1987.??.??"]

{6/(30)} 1. Nf3 d5 2. d3 Nf6 3. g3 b6 4. Bg2 Bb7 5. O-O e6 6. Bf4 Bd6 7. Bg5
Nbd7 8. Nc3 h6 9. Bd2 O-O 10. Nb5 Qe7 11. Nxd6 cxd6 12. Bb4 Ng4 13. h3 Nge5 14.
Nxe5 Nxe5 15. e4 Nc6 16. Ba3 dxe4 17. dxe4 Qc7 18. Bxd6 Qd7 19. Bxf8 Qxd1 20.
Rfxd1 Kxf8 21. Rd7 Nd8 22. Rad1 Ke8 23. e5 Bc6 24. Bxc6 Nxc6 25. f4 Rd8 26.
Rxd8+ Nxd8 27. Kf2 Nc6 28. c3 Nb8 29. Ke3 Nd7 30. b4 Kd8 31. a4 Kc7 32. Rd6 Nf8
33. a5 Ng6 34. c4 Ne7 35. axb6+ axb6 36. b5 Nf5+ 37. Ke4 Nxd6+ 38. exd6+ Kxd6
39. Kd4 h5 40. c5+ bxc5+ 41. Kc4 f6 42. b6 Kc6 43. b7 Kxb7 44. Kxc5 Kc7 45. Kd4
Kd6 46. Ke4 Kc5 47. g4 g6 48. g5 fxg5 49. fxg5 Kd6 50. Kd4 e5+ 51. Ke4 Ke6 52.
h4 Kd6 53. Ke3 Kd5 54. Kd3 e4+ 55. Ke3 Ke5 56. Kf2 Kf4 57. Ke2 e3 58. Kf1 Kf3
59. Ke1 0-1